using of aloe vera ( aloe barbadensis) as anticoccidial in digestive sytem of three blood chickens at research stantion of fvm-RUAការប្រើប្រាស់ប្រទាលកន្ទុយក្រពើប្រឆាំង COCCIDIA ក្នុងប្រដាប់រំលាយអាហារមាន់បីឈាមនៅស្ថានីស្រាវជ្រោវវេជ្ចសាស្រ្តសត្វនៃសាកលវីទ្យាល័យភូមិន្ទកសិកម្ម (Record no. 18615)
[ view plain ]
| 000 -LEADER | |
|---|---|
| fixed length control field | 00915nam a22001577a 4500 |
| 003 - CONTROL NUMBER IDENTIFIER | |
| control field | LRUA |
| 005 - DATE AND TIME OF LATEST TRANSACTION | |
| control field | 20191225144231.0 |
| 008 - FIXED-LENGTH DATA ELEMENTS--GENERAL INFORMATION | |
| fixed length control field | 191225b xxu||||| |||| 00| 0 eng d |
| 040 ## - CATALOGING SOURCE | |
| Transcribing agency | RUA |
| 082 ## - DEWEY DECIMAL CLASSIFICATION NUMBER | |
| Classification number | AVM PHY 2018 B654 Or.1 |
| 100 ## - MAIN ENTRY--PERSONAL NAME | |
| 9 (RLIN) | 14093 |
| Personal name | PHY PHEA ភី ភារ៉ូ |
| 245 ## - TITLE STATEMENT | |
| Title | using of aloe vera ( aloe barbadensis) as anticoccidial in digestive sytem of three blood chickens at research stantion of fvm-RUAការប្រើប្រាស់ប្រទាលកន្ទុយក្រពើប្រឆាំង COCCIDIA ក្នុងប្រដាប់រំលាយអាហារមាន់បីឈាមនៅស្ថានីស្រាវជ្រោវវេជ្ចសាស្រ្តសត្វនៃសាកលវីទ្យាល័យភូមិន្ទកសិកម្ម |
| 260 ## - PUBLICATION, DISTRIBUTION, ETC. (IMPRINT) | |
| Place of publication, distribution, etc. | RUA |
| Name of publisher, distributor, etc. | Phnom penh |
| Date of publication, distribution, etc. | 2018 |
| 300 ## - PHYSICAL DESCRIPTION | |
| Extent | x;43p |
| Other physical details | ill; |
| Dimensions | 29cm |
| 942 ## - ADDED ENTRY ELEMENTS (KOHA) | |
| Source of classification or shelving scheme | |
| Koha item type | AVM |
| Price effective from | Date last seen | Permanent Location | Not for loan | Date acquired | Source of classification or shelving scheme | Koha item type | Lost status | Withdrawn status | Date last checked out | Total Checkouts | Shelving location | Damaged status | Barcode | Current Location | Full call number |
|---|---|---|---|---|---|---|---|---|---|---|---|---|---|---|---|
| 2019-12-25 | 2021-11-05 | Library Block B | 2019-12-25 | AVM | 2021-07-30 | 3 | B654 | A063712 | Library Block B | AVM PHY 2018 B654 Or.1 | |||||
| 2019-12-25 | 2019-12-25 | Library Block B | 2019-12-25 | AVM | B654 | A063692 | Library Block B | AVM PHY 2018 B654 Or.2 | |||||||
| 2019-12-25 | 2021-11-03 | Library Block B | 2019-12-25 | AVM | 2021-10-18 | 1 | B654 | A43525 | Library Block B | AVM PHY 2018 B654 Or.3 | |||||
| 2019-12-25 | 2019-12-25 | Library Block B | 2019-12-25 | AVM | B654 | A43530 | Library Block B | AVM PHY 2018 B654 Or.4 | |||||||
| 2019-12-25 | 2021-09-27 | Library Block B | 2019-12-25 | AVM | 2021-09-13 | 2 | B654 | A43540 | Library Block B | AVM PHY 2018 B654 Or.5 | |||||
| 2019-12-25 | 2019-12-25 | Library Block B | 2019-12-25 | AVM | B654 | A43535 | Library Block B | AVM PHY 2018 B654 Or.6 |